[Event "37th ECC Open 2022"]
[Site "Mayrhofen AUT"]
[Date "2022.10.07"]
[Round "5.10"]
[Board "3"]
[White "Michalik, Peter"]
[Black "Trost, Edvin"]
[Result "1-0"]
[WhiteTitle "GM"]
[BlackTitle "FM"]
[WhiteElo "2558"]
[BlackElo "2347"]
[WhiteTeam "Sentimento Ajka BSK"]
[BlackTeam "SK Rockaden"]
[WhiteFideId "14907526"]
[BlackFideId "1729519"]
[EventDate "2022.10.03"]

1. d4 Nf6 2. c4 e6 3. Nf3 d5 4. g3 Bb4+ 5. Bd2 a5 6. Bg2 O-O 7. Qc2 c5 8. cxd5
cxd4 9. Nxd4 Qb6 10. e3 exd5 11. O-O Nc6 12. Nxc6 bxc6 13. Rc1 Rb8 14. Nc3 h5
15. a3 Be7 16. Na4 Qc7 17. Qxc6 Qxc6 18. Rxc6 Bd7 19. Rc7 Bd8 20. Rxd7 Nxd7 21.
Rd1 Rb5 22. Bc3 Bf6 23. Bf1 Rb7 24. Bxa5 Ra8 25. b4 Bd8 26. Bg2 Nf6 27. Nc5 Rb5
28. Bxd8 Rxd8 29. Rd4 Rdb8 30. Bxd5 Nxd5 31. Rxd5 Ra8 32. Rd3 Kf8 33. Kf1 Ke7
34. Ke2 g5 35. h3 h4 36. g4 f5 37. gxf5 Kf6 38. e4 g4 39. hxg4 Kg5 40. Kf3 h3
41. Kg3 Rh8 42. Rd6 h2 43. f4# 1-0

[Event "37th ECC Open 2022"]
[Site "Mayrhofen AUT"]
[Date "2022.10.07"]
[Round "5.10"]
[Board "4"]
[White "Kenneskog, Theodor"]
[Black "Prohaszka, Peter2"]
[Result "0-1"]
[WhiteTitle "FM"]
[BlackTitle "GM"]
[WhiteElo "2320"]
[BlackElo "2570"]
[WhiteTeam "SK Rockaden"]
[BlackTeam "Sentimento Ajka BSK"]
[WhiteFideId "1715011"]
[BlackFideId "726265"]
[EventDate "2022.10.03"]

1. e4 c6 2. d4 d5 3. e5 Bf5 4. h4 h5 5. Bd3 Bxd3 6. Qxd3 Qa5+ 7. Nd2 e6 8. Nf3
Nh6 9. O-O Nf5 10. Nb3 Qa6 11. Qd1 b6 12. c3 c5 13. Bg5 Nc6 14. Re1 Rc8 15. g3
Rc7 16. Kg2 Qa4 17. Qd2 c4 18. Nc1 b5 19. Ne2 b4 20. Nf4 Rd7 21. Nh2 Qa5 22. Qc2
bxc3 23. bxc3 Ba3 24. Rab1 Rc7 25. Nf1 Kd7 26. Ne3 Nfe7 27. Qe2 Kc8 28. Nc2 Qxc3
29. Qd1 Nf5 30. Nxh5 Nfxd4 31. Nxd4 Qxd4 32. Qa4 Bb2 33. Nxg7 c3 34. Qa6+ Kb8
35. Be3 Qc4 36. Qa3 Qb4 37. Bc5 Qxa3 38. Bxa3 Rb7 39. Bxb2 c2 40. Rbc1 Rxb2 41.
Re2 Nb4 0-1

[Event "37th ECC Open 2022"]
[Site "Mayrhofen AUT"]
[Date "2022.10.07"]
[Round "5.10"]
[Board "5"]
[White "Czebe, Attila"]
[Black "Hedman, Erik"]
[Result "0-1"]
[WhiteTitle "GM"]
[BlackTitle "IM"]
[WhiteElo "2366"]
[BlackElo "2322"]
[WhiteTeam "Sentimento Ajka BSK"]
[BlackTeam "SK Rockaden"]
[WhiteFideId "705268"]
[BlackFideId "1702351"]
[EventDate "2022.10.03"]

1. d4 Nf6 2. Bf4 g6 3. Nc3 Bg7 4. e4 d6 5. Qd2 Nbd7 6. O-O-O c6 7. e5 dxe5 8.
dxe5 Nh5 9. Bh6 Bxe5 10. Nf3 Qa5 11. Nxe5 Nxe5 12. h3 Be6 13. Be2 Nd7 14. Bg4
O-O-O 15. Bxe6 fxe6 16. Qe2 e5 17. Qg4 Nf4 18. Rhe1 Rhe8 19. Kb1 Qc7 20. Ne4 Kb8
21. Bxf4 exf4 22. Qh4 Nf8 23. a3 Rxd1+ 24. Rxd1 Qe5 25. f3 h5 26. Re1 Ne6 27. b4
Qf5 28. Rd1 Qe5 29. Rd7 Nc7 30. Nc5 Kc8 31. Rd3 Nd5 32. Ne4 Rd8 33. Qe1 Ne3 34.
Nc5 Rd5 35. g3 g5 36. gxf4 gxf4 37. Qg1 Nc4 38. Qc1 b6 39. Rxd5 cxd5 40. Nd3 Qe3
41. Ka2 Qxc1 42. Nxc1 e5 0-1

[Event "37th ECC Open 2022"]
[Site "Mayrhofen AUT"]
[Date "2022.10.07"]
[Round "5.10"]
[Board "6"]
[White "Bator, Robert"]
[Black "Kaczur, Florian"]
[Result "1/2-1/2"]
[WhiteTitle "IM"]
[BlackTitle "IM"]
[WhiteElo "2353"]
[BlackElo "2483"]
[WhiteTeam "SK Rockaden"]
[BlackTeam "Sentimento Ajka BSK"]
[WhiteFideId "1700405"]
[BlackFideId "705098"]
[EventDate "2022.10.03"]

1. e4 g6 2. d4 Bg7 3. Nf3 d6 4. Be2 c5 5. dxc5 Qa5+ 6. c3 Qxc5 7. Be3 Qa5 8. Nd4
Nf6 9. f3 Nc6 10. Nb3 Qc7 11. c4 a5 12. a4 Nd7 13. Nc3 b6 14. Nd5 Qd8 15. Nd4
Bb7 16. Nb5 O-O 17. Bg5 Nc5 18. Rb1 h6 19. Bh4 Rc8 20. O-O Ba6 21. Kh1 g5 22.
Bf2 e6 23. Nxb6 Qxb6 24. Qxd6 Rfd8 25. Bxc5 Qb7 26. Qg3 Bxb5 27. cxb5 Nd4 28.
Bxd4 Rxd4 29. b3 Rc2 30. Rfe1 Rdd2 31. Bf1 Bd4 32. Red1 Ba7 33. Rxd2 Rxd2 34.
Bc4 Qd7 35. Qe1 Bf2 36. Qf1 Bc5 37. Be2 Qc7 38. Rd1 Rb2 39. Rb1 Rd2 40. Rd1 Ra2
41. Ra1 Rb2 42. Rb1 Rc2 43. Rc1 Bb6 44. Rxc2 Qxc2 45. Bc4 Qd2 46. g3 h5 47. Qe2
Qd4 48. Kg2 Kf8 49. Kh3 Qe5 50. Qd3 Kg7 51. Qe2 Kh6 52. Qd2 Kg6 53. Qe2 Kg7 54.
Kg2 Qd4 55. Kh3 Kh6 56. Kg2 Kh7 57. Kh3 Kg6 58. Kg2 Qg1+ 59. Kh3 Bf2 60. g4 Bc5
61. e5 Be3 62. Qd3+ Kg7 63. Qf1 hxg4+ 1/2-1/2

[Event "37th ECC Open 2022"]
[Site "Mayrhofen AUT"]
[Date "2022.10.07"]
[Round "5.11"]
[Board "1"]
[White "Pallardo Lozoya, Jose Vicente"]
[Black "Can, Emre"]
[Result "1/2-1/2"]
[WhiteTitle "IM"]
[BlackTitle "GM"]
[WhiteElo "2355"]
[BlackElo "2592"]
[WhiteTeam "Andreu Valencia Origin Chess"]
[BlackTeam "Gokturk Satranc Spor Kulubu"]
[WhiteFideId "2230380"]
[BlackFideId "6302181"]
[EventDate "2022.10.03"]

1. e4 c5 2. Nf3 d6 3. g3 g6 4. Bg2 Bg7 5. O-O Nc6 6. d3 Nf6 7. h3 O-O 8. Nc3 Rb8
9. Be3 b5 10. Qd2 b4 11. Nd1 a5 12. Bh6 Nd4 13. Bxg7 Kxg7 14. Nh4 e5 15. c3 Nc6
16. Ne3 a4 17. c4 Nd4 18. Nc2 Nd7 19. Nxd4 cxd4 20. f4 exf4 21. Rxf4 Ne5 22. Rf2
Be6 23. Raf1 f6 24. Kh2 Qa5 25. Nf3 Nc6 26. Qf4 Qc5 27. Qd2 Rf7 28. Nh4 Rbf8 29.
Qd1 Qa5 30. Nf3 g5 31. Ng1 a3 32. b3 Qc5 33. g4 Ne5 34. Nf3 h6 35. Nxe5 fxe5 36.
Rxf7+ Rxf7 37. Rxf7+ Bxf7 38. Qf3 Qc7 39. Kg1 Qd8 40. Bf1 Bg6 41. Be2 Qe7 42.
Qf2 Bf7 43. Qf5 Be6 44. Qf3 Qd7 45. Kg2 Bf7 46. Kg1 Qe6 47. Kg2 Kf8 48. Qf2 Ke7
49. Qf3 Bg6 50. Kg3 Qc8 51. Qf2 Qh8 52. Qf3 Qh7 53. Kg2 Qh8 54. Kg3 d5 55. cxd5
Qc8 56. Qf2 Qc1 57. Kg2 Qb2 58. Kf1 Qa1+ 59. Qe1 Qxe1+ 60. Kxe1 Kd6 61. Kd2 Be8
62. Kc2 Bd7 63. Bf3 Be8 1/2-1/2

[Event "37th ECC Open 2022"]
[Site "Mayrhofen AUT"]
[Date "2022.10.07"]
[Round "5.11"]
[Board "2"]
[White "Sanal, Vahap"]
[Black "Macias Pino, Diego"]
[Result "1-0"]
[WhiteTitle "GM"]
[BlackTitle "FM"]
[WhiteElo "2595"]
[BlackElo "2385"]
[WhiteTeam "Gokturk Satranc Spor Kulubu"]
[BlackTeam "Andreu Valencia Origin Chess"]
[WhiteFideId "6300545"]
[BlackFideId "24529133"]
[EventDate "2022.10.03"]

1. Nf3 d5 2. g3 c6 3. Bg2 Bg4 4. O-O Nd7 5. h3 Bh5 6. d4 e6 7. c4 Ngf6 8. cxd5
cxd5 9. Nc3 Bd6 10. Qb3 Qb6 11. Qxb6 Nxb6 12. Ne5 a6 13. Bf4 Ke7 14. g4 Bg6 15.
Bg5 Ke8 16. Rfc1 Be4 17. f3 Bg6 18. e4 dxe4 19. Nxe4 Bxe4 20. fxe4 Bxe5 21. dxe5
Nfd7 22. Rc7 Rb8 23. Rd1 Nxe5 24. Rxb7 1-0

[Event "37th ECC Open 2022"]
[Site "Mayrhofen AUT"]
[Date "2022.10.07"]
[Round "5.11"]
[Board "3"]
[White "Llobell Cortell, Enrique"]
[Black "Gokerkan, Cem Kaan"]
[Result "1/2-1/2"]
[WhiteTitle "IM"]
[BlackTitle "IM"]
[WhiteElo "2380"]
[BlackElo "2465"]
[WhiteTeam "Andreu Valencia Origin Chess"]
[BlackTeam "Gokturk Satranc Spor Kulubu"]
[WhiteFideId "2216116"]
[BlackFideId "6336760"]
[EventDate "2022.10.03"]

1. e4 c5 2. Nf3 d6 3. d4 Nf6 4. Nc3 cxd4 5. Nxd4 a6 6. Bg5 Nbd7 7. Bc4 Qb6 8.
Bb3 e6 9. a4 Qa5 10. Bd2 Nc5 11. O-O Qc7 12. Re1 Nxb3 13. Nxb3 Be7 14. a5 Bd7
15. Bf4 O-O 16. Qe2 Rac8 17. Rad1 e5 18. Bg5 Be6 19. Rd2 h6 20. Bh4 Rfd8 21.
Red1 Bg4 22. f3 Be6 23. Kh1 Kh7 24. Qe1 Bxb3 25. cxb3 g5 26. Bf2 Qxa5 27. Rd3
Rc6 28. Qd2 Rdc8 29. Be3 b5 30. Qe1 b4 31. Na4 Qb5 32. h3 a5 33. Kh2 Rd8 34. Qd2
Qb7 35. Qf2 d5 36. exd5 Rcd6 37. Nb6 Nxd5 38. Nc4 Re6 39. Nxa5 Qa8 40. Nc4 Nf6
41. Rxd8 Bxd8 42. Nd6 Be7 43. Nf5 Bf8 44. Bc5 e4 45. Bxf8 Qxf8 46. fxe4 Nxe4 47.
Qd4 Kg6 48. Rf1 Qb8+ 49. Kg1 Qe5 50. Qd8 Kh7 51. Qf8 Qc5+ 52. Qxc5 Nxc5 53. Nd4
Re7 54. Nc6 Rc7 55. Nxb4 Nxb3 56. Nd5 Rb7 57. Rf2 Kg6 58. Rf6+ Kg7 1/2-1/2

[Event "37th ECC Open 2022"]
[Site "Mayrhofen AUT"]
[Date "2022.10.07"]
[Round "5.11"]
[Board "4"]
[White "Firat, Burak"]
[Black "Vassallo Barroche, Mauricio"]
[Result "0-1"]
[WhiteTitle "GM"]
[BlackTitle "IM"]
[WhiteElo "2455"]
[BlackElo "2373"]
[WhiteTeam "Gokturk Satranc Spor Kulubu"]
[BlackTeam "Andreu Valencia Origin Chess"]
[WhiteFideId "6305881"]
[BlackFideId "101648"]
[EventDate "2022.10.03"]

1. c4 Nf6 2. Nc3 g6 3. d4 Bg7 4. e4 d6 5. f3 O-O 6. Nge2 c5 7. d5 e6 8. Bg5 h6
9. Be3 exd5 10. cxd5 Re8 11. Qd2 h5 12. Bh6 Bh8 13. Bg5 Nbd7 14. Ng3 a6 15. Be2
b5 16. O-O Qb6 17. Rae1 Nh7 18. Bh4 c4+ 19. Kh1 Qd4 20. Qc2 Nc5 21. Rd1 Qg7 22.
f4 Bg4 23. e5 dxe5 24. d6 exf4 25. Bxg4 hxg4 26. Nd5 Qh6 27. Ne7+ Rxe7 28. Nf5
gxf5 29. Bxe7 Qe6 30. Rxf4 Nd3 31. Rff1 Bf6 32. b3 Bxe7 33. dxe7 Re8 34. a4 Rxe7
35. axb5 axb5 36. bxc4 bxc4 37. Ra1 Nf6 38. Ra5 f4 39. Qc3 Qb6 40. Ra2 Qc6 41.
Qd4 Re4 42. Qd8+ Kg7 43. Qa5 Qc5 44. Qc3 Qe5 45. Qd2 g3 46. Ra5 Nd5 47. Rb5 Rd4 0-1

[Event "37th ECC Open 2022"]
[Site "Mayrhofen AUT"]
[Date "2022.10.07"]
[Round "5.11"]
[Board "5"]
[White "Sos Andreu, Eric"]
[Black "Ozen, Deniz"]
[Result "1-0"]
[WhiteTitle "IM"]
[BlackTitle "IM"]
[WhiteElo "2353"]
[BlackElo "2397"]
[WhiteTeam "Andreu Valencia Origin Chess"]
[BlackTeam "Gokturk Satranc Spor Kulubu"]
[WhiteFideId "22247017"]
[BlackFideId "6349196"]
[EventDate "2022.10.03"]

1. d4 d5 2. c4 c6 3. Nf3 Nf6 4. e3 Bf5 5. Nc3 e6 6. Nh4 Be4 7. f3 Bg6 8. Qb3 Qc7
9. Bd2 Be7 10. Nxg6 hxg6 11. O-O-O dxc4 12. Bxc4 b5 13. Be2 a6 14. Kb1 Nbd7 15.
e4 c5 16. e5 cxd4 17. exf6 dxc3 18. fxg7 c2+ 19. Qxc2 Qxc2+ 20. Kxc2 Rg8 21. Bc3
b4 22. Bd4 e5 23. Be3 Rxg7 24. Rd5 Rh7 25. h3 f6 26. Ra5 Nb8 27. Bd3 f5 28. Rxe5
Nc6 29. Re6 b3+ 30. Kxb3 Rb8+ 31. Kc3 Nd8 32. Rxg6 Bb4+ 33. Kc2 Rc7+ 34. Kb1 Ba3
35. Rb6 Rcb7 36. Rxb7 Rxb7 37. b3 Nc6 38. Bxa6 Re7 39. Bf2 Nb4 40. Bb5+ Kf7 41.
Re1 Rc7 42. Bc4+ Kg6 43. Re6+ Kg5 44. h4+ Kf4 45. Be3+ Kg3 46. Rg6+ Kxh4 47. Bf4
Rh7 48. Bg8 Rh8 49. Rg3 1-0

[Event "37th ECC Open 2022"]
[Site "Mayrhofen AUT"]
[Date "2022.10.07"]
[Round "5.11"]
[Board "6"]
[White "Kamer, Kayra"]
[Black "Torres Sanchez, Jose"]
[Result "1-0"]
[WhiteTitle "IM"]
[BlackTitle "FM"]
[WhiteElo "2354"]
[BlackElo "2239"]
[WhiteTeam "Gokturk Satranc Spor Kulubu"]
[BlackTeam "Andreu Valencia Origin Chess"]
[WhiteFideId "6367879"]
[BlackFideId "2217210"]
[EventDate "2022.10.03"]

1. e4 e5 2. c4 Nf6 3. Nc3 Bc5 4. g3 d6 5. Bg2 Bg4 6. Nge2 Nc6 7. h3 Be6 8. d3
Nd4 9. Nxd4 Bxd4 10. Ne2 Bb6 11. b3 O-O 12. O-O Re8 13. Kh2 Nd7 14. d4 exd4 15.
Nxd4 Nf6 16. Bb2 a5 17. Qd3 a4 18. f4 axb3 19. axb3 Rxa1 20. Rxa1 Bc8 21. b4 c6
22. b5 d5 23. e5 dxc4 24. Qxc4 Nd5 25. Re1 Nb4 26. bxc6 Nxc6 27. Nxc6 bxc6 28.
Qxc6 h5 29. Rd1 Bb7 30. Qxb7 Qxd1 31. Qxb6 h4 32. gxh4 Qe2 33. Qd4 Rc8 34. e6 f6
35. Bc3 Rc4 36. Qd2 Re4 37. Qxe2 Rxe2 38. Kg1 Re3 39. Bb4 1-0

[Event "37th ECC Open 2022"]
[Site "Mayrhofen AUT"]
[Date "2022.10.08"]
[Round "6.1"]
[Board "1"]
[White "Mamedyarov, Shakhriyar"]
[Black "Harikrishna, Pentala"]
[Result "1/2-1/2"]
[WhiteTitle "GM"]
[BlackTitle "GM"]
[WhiteElo "2747"]
[BlackElo "2717"]
[WhiteTeam "Schachclub Viernheim 1934e.V."]
[BlackTeam "Novy Bor Chess club"]
[WhiteFideId "13401319"]
[BlackFideId "5007003"]
[EventDate "2022.10.03"]

1. d4 Nf6 2. c4 e6 3. Nc3 Bb4 4. Nf3 d5 5. Bg5 h6 6. Bxf6 Qxf6 7. e3 O-O 8. Rc1
dxc4 9. Bxc4 c5 10. O-O cxd4 11. Nxd4 Bd7 12. Qb3 Nc6 13. Nxc6 Bxc3 14. Nxa7
Bxb2 15. Rcd1 Bc6 16. Nxc6 bxc6 17. Rd7 Qc3 18. Qxc3 Bxc3 19. Rc1 Bb4 20. Bb3 c5
21. f4 g6 22. Kf2 Rfd8 23. Rcd1 Rxd7 24. Rxd7 Kf8 25. Kf3 Ke8 26. Rb7 Rd8 27.
Ra7 Rd3 28. g4 c4 29. Bxc4 Rxe3+ 30. Kxe3 Bc5+ 1/2-1/2

[Event "37th ECC Open 2022"]
[Site "Mayrhofen AUT"]
[Date "2022.10.08"]
[Round "6.1"]
[Board "2"]
[White "Vidit, Santosh Gujrathi"]
[Black "Kryvoruchko, Yuriy"]
[Result "1-0"]
[WhiteTitle "GM"]
[BlackTitle "GM"]
[WhiteElo "2710"]
[BlackElo "2658"]
[WhiteTeam "Novy Bor Chess club"]
[BlackTeam "Schachclub Viernheim 1934e.V."]
[WhiteFideId "5029465"]
[BlackFideId "14109182"]
[EventDate "2022.10.03"]

1. d4 Nf6 2. c4 e6 3. Nc3 d5 4. cxd5 exd5 5. Bg5 c6 6. e3 h6 7. Bh4 Be7 8. Bd3
O-O 9. Nge2 Re8 10. O-O Nbd7 11. a4 Nh5 12. Bxe7 Qxe7 13. a5 Ndf6 14. Nc1 g6 15.
Re1 Be6 16. f3 Rad8 17. a6 b6 18. Qd2 Ng7 19. Bf1 Bf5 20. g4 Bxg4 21. fxg4 Nxg4
22. Bh3 Nxe3 23. Nd3 c5 24. Nb5 cxd4 25. Nxd4 Rd6 26. Nf4 Qg5+ 27. Ng2 Nxg2 28.
Qxg5 Rxe1+ 29. Rxe1 hxg5 30. Kxg2 f5 31. Re7 b5 32. Rxa7 g4 33. Bxg4 fxg4 34.
Ra8+ Kh7 35. a7 Ra6 36. Nxb5 Ra2 37. Rf8 1-0

[Event "37th ECC Open 2022"]
[Site "Mayrhofen AUT"]
[Date "2022.10.08"]
[Round "6.1"]
[Board "3"]
[White "Kuzubov, Yuriy"]
[Black "Wojtaszek, Radoslaw"]
[Result "1/2-1/2"]
[WhiteTitle "GM"]
[BlackTitle "GM"]
[WhiteElo "2612"]
[BlackElo "2693"]
[WhiteTeam "Schachclub Viernheim 1934e.V."]
[BlackTeam "Novy Bor Chess club"]
[WhiteFideId "14112906"]
[BlackFideId "1118358"]
[EventDate "2022.10.03"]

1. d4 Nf6 2. c4 e6 3. Nf3 d5 4. Nc3 Bb4 5. Bg5 h6 6. Bxf6 Qxf6 7. e3 O-O 8. Qb3
c5 9. cxd5 exd5 10. dxc5 Bxc3+ 11. Qxc3 Qxc3+ 12. bxc3 Nd7 13. Rd1 Nf6 14. Nd4
Bd7 15. f3 Rfc8 16. Nb3 Ba4 17. Rd4 Bxb3 18. axb3 Rxc5 19. Kd2 Rac8 20. Bd3 a5
21. Rc1 Kf8 22. b4 axb4 23. Rxb4 R8c7 24. Bb5 Ke7 25. Rb3 Ne8 26. Bxe8 Kxe8 27.
Ra1 Kd7 28. g4 Kc6 29. Ra8 Rb5 30. Rxb5 Kxb5 31. Kd3 Kc5 32. Rg8 f6 33. Rd8 b5
34. h4 Ra7 35. h5 Rc7 36. Ra8 Kd6 37. Rb8 Kc5 38. Rd8 Ra7 39. Re8 Rc7 40. f4 Rb7
41. Re6 Rc7 42. Ra6 Re7 43. Ra8 Kd6 44. Rc8 Re4 45. Rb8 Kc6 46. Rg8 Re7 47. Rc8+
Kd6 48. Ra8 Kc6 49. Rc8+ Kd6 50. Ra8 1/2-1/2

[Event "37th ECC Open 2022"]
[Site "Mayrhofen AUT"]
[Date "2022.10.08"]
[Round "6.1"]
[Board "4"]
[White "Navara, David"]
[Black "Wagner, Dennis"]
[Result "1-0"]
[WhiteTitle "GM"]
[BlackTitle "GM"]
[WhiteElo "2676"]
[BlackElo "2570"]
[WhiteTeam "Novy Bor Chess club"]
[BlackTeam "Schachclub Viernheim 1934e.V."]
[WhiteFideId "309095"]
[BlackFideId "24650684"]
[EventDate "2022.10.03"]

1. d4 Nf6 2. c4 g6 3. f3 c5 4. d5 d6 5. e4 Bg7 6. Nc3 e6 7. Bg5 h6 8. Be3 exd5
9. cxd5 O-O 10. Qd2 Re8 11. Be2 h5 12. a4 Nh7 13. Bb5 Rf8 14. Nge2 Qh4+ 15. Bf2
Qe7 16. O-O Nd7 17. f4 Ndf6 18. e5 Ng4 19. exd6 Qxd6 20. Ne4 Qe7 21. Bxc5 Qxe4
22. Ng3 Bd4+ 23. Qxd4 Qxd4+ 24. Bxd4 Rd8 25. f5 h4 26. fxg6 fxg6 27. Ne4 Be6 28.
dxe6 Rxd4 29. Rf4 1-0

[Event "37th ECC Open 2022"]
[Site "Mayrhofen AUT"]
[Date "2022.10.08"]
[Round "6.1"]
[Board "5"]
[White "Maze, Sebastien"]
[Black "Grandelius, Nils"]
[Result "1/2-1/2"]
[WhiteTitle "GM"]
[BlackTitle "GM"]
[WhiteElo "2530"]
[BlackElo "2651"]
[WhiteTeam "Schachclub Viernheim 1934e.V."]
[BlackTeam "Novy Bor Chess club"]
[WhiteFideId "613762"]
[BlackFideId "1710400"]
[EventDate "2022.10.03"]

1. e4 c5 2. Nf3 d6 3. Nc3 Nf6 4. Bb5+ Bd7 5. Bxd7+ Qxd7 6. d4 cxd4 7. Nxd4 g6 8.
b3 Bg7 9. Bb2 O-O 10. Qe2 Nc6 11. O-O-O Rac8 12. Nf3 Nh5 13. Nd5 Bxb2+ 14. Kxb2
e6 15. Ne3 Qe7 16. c3 Nf6 17. Qd3 Rfd8 18. Rhe1 Qc7 19. g4 d5 20. exd5 Nxd5 21.
Nxd5 Rxd5 22. Qe3 Rcd8 23. Rxd5 Rxd5 24. Re2 Qd8 25. Rd2 Rxd2+ 26. Nxd2 Ne5 27.
f3 Qd3 28. Qxe5 Qxd2+ 29. Ka3 Qd8 30. g5 Qb6 31. c4 a6 32. f4 Qc6 33. h4 b6 34.
Qd4 Kf8 35. Qd8+ Kg7 36. Qd4+ Kf8 37. Qd8+ Kg7 38. Qe7 h5 39. Qf6+ Kf8 40. Qd8+
Kg7 41. Qd3 Kf8 42. b4 Ke7 43. Kb3 Qh1 44. c5 b5 45. a4 Qc1 46. axb5 axb5 47.
Qd6+ Ke8 48. c6 Qe3+ 49. Kc2 Qe2+ 50. Kc3 Qe3+ 51. Kc2 Qe2+ 1/2-1/2

[Event "37th ECC Open 2022"]
[Site "Mayrhofen AUT"]
[Date "2022.10.08"]
[Round "6.1"]
[Board "6"]
[White "Anton Guijarro, David"]
[Black "Tarlev, Konstantin"]
[Result "1-0"]
[WhiteTitle "GM"]
[BlackTitle "GM"]
[WhiteElo "2655"]
[BlackElo "2577"]
[WhiteTeam "Novy Bor Chess club"]
[BlackTeam "Schachclub Viernheim 1934e.V."]
[WhiteFideId "2285525"]
[BlackFideId "14114089"]
[EventDate "2022.10.03"]

1. e4 c5 2. Nf3 e6 3. c3 d5 4. exd5 exd5 5. Bb5+ Bd7 6. Qe2+ Qe7 7. O-O Qxe2 8.
Bxe2 Nc6 9. Re1 Be7 10. d4 cxd4 11. Nxd4 Nxd4 12. cxd4 Nf6 13. Nc3 O-O 14. Ba6
bxa6 15. Rxe7 Rfe8 16. Rxe8+ Rxe8 17. Bf4 Be6 18. f3 Rc8 19. Rc1 Nd7 20. g4 Nb8
21. Bd6 Nc6 22. Bc5 Rb8 23. b3 g5 24. Kf2 Kg7 25. Ne2 f5 26. Bd6 Rc8 27. gxf5
Bxf5 28. Rc5 Be6 29. b4 Kf7 30. a3 Bd7 31. Rc1 Ke6 32. Bc5 Kf7 33. Nc3 Be6 34.
a4 a5 35. bxa5 Nxa5 36. Nb5 Kf6 37. Nxa7 Ra8 38. Rb1 Bd7 39. Rb6+ Kf5 40. Rd6
Bxa4 41. Rxd5+ 1-0

[Event "37th ECC Open 2022"]
[Site "Mayrhofen AUT"]
[Date "2022.10.08"]
[Round "6.2"]
[Board "1"]
[White "Vachier-Lagrave, Maxime"]
[Black "Rodshtein, Maxim"]
[Result "1/2-1/2"]
[WhiteTitle "GM"]
[BlackTitle "GM"]
[WhiteElo "2747"]
[BlackElo "2602"]
[WhiteTeam "Asnieres Le Grand Echiquier"]
[BlackTeam "Beer Sheva Chess Club"]
[WhiteFideId "623539"]
[BlackFideId "2806851"]
[EventDate "2022.10.03"]

1. e4 e5 2. Nf3 Nc6 3. Bc4 Bc5 4. c3 Nf6 5. d3 d6 6. O-O a5 7. Re1 Ba7 8. Nbd2
Be6 9. Bb5 O-O 10. Nf1 Ne7 11. Ng3 Ng6 12. d4 c6 13. Bd3 Bg4 14. Be3 d5 15. dxe5
Nxe5 16. Bxa7 Bxf3 17. gxf3 Rxa7 18. exd5 Nxd3 19. Qxd3 Qxd5 20. Rad1 Raa8 21.
Re7 Qxd3 22. Rxd3 Rab8 23. c4 b5 24. b3 bxc4 25. bxc4 Rb4 26. Rc3 Rd8 27. Ra7 h5
28. Ne4 Nxe4 29. fxe4 Ra4 30. a3 Rd4 31. Rh3 Rxe4 32. Ra8+ Kh7 33. Rxh5+ Kg6 34.
Raxa5 Rg4+ 35. Kf1 Raxc4 1/2-1/2

[Event "37th ECC Open 2022"]
[Site "Mayrhofen AUT"]
[Date "2022.10.08"]
[Round "6.2"]
[Board "2"]
[White "Mikhalevski, Victor"]
[Black "Esipenko, Andrey"]
[Result "0-1"]
[WhiteTitle "GM"]
[BlackTitle "GM"]
[WhiteElo "2523"]
[BlackElo "2668"]
[WhiteTeam "Beer Sheva Chess Club"]
[BlackTeam "Asnieres Le Grand Echiquier"]
[WhiteFideId "2801914"]
[BlackFideId "24175439"]
[EventDate "2022.10.03"]

1. Nf3 Nf6 2. c4 e6 3. g3 d5 4. Bg2 dxc4 5. Qa4+ Nbd7 6. Qxc4 a6 7. Qc2 c5 8.
Nc3 Qc7 9. d4 b5 10. Bf4 Qa7 11. O-O Bb7 12. dxc5 Bxc5 13. Rad1 Rc8 14. Qd3 O-O
15. Ne5 Nb6 16. Ne4 Bxe4 17. Bxe4 Na4 18. Qb1 Nxb2 19. Bxh7+ Nxh7 20. Rd7 Qa8
21. Qxb2 Nf6 22. Rd3 Rfd8 23. Rxd8+ Rxd8 24. Nd3 Bd4 25. Qb3 Qe4 26. Re1 Nd5 27.
Bd2 Rc8 28. Rc1 Rc4 29. e3 Bf6 30. Ne1 Nb6 31. Qd3 Qc6 32. Rc2 Nd7 33. Rxc4 bxc4
34. Qe2 Qb5 35. Qd1 Nc5 36. Qc2 a5 37. Bc3 Nd3 38. Nf3 Bxc3 39. Qxc3 Qb1+ 40.
Kg2 Qxa2 41. Nd2 Ne5 42. Kf1 Qa4 43. Ke2 Qb5 44. f4 Ng4 45. h3 Nf6 46. Qxc4 Qb7
47. e4 Qa8 48. Qa4 Qa6+ 49. Qc4 Qa7 50. Nf3 Qa8 51. Ng5 Nh7 52. Nxh7 Kxh7 53.
Qa4 Qa6+ 54. Kf2 Qb6+ 55. Kf3 Qc7 56. e5 Qc3+ 57. Kg4 Qb4 58. Qc2+ g6 59. h4 Kg7
60. h5 gxh5+ 61. Kxh5 Qb5 62. Qd1 a4 63. Qd8 Qb1 64. Qf6+ Kg8 65. Qd8+ Kh7 66.
Qe7 Qf5+ 67. Kh4 Kg6 68. g4 Qxf4 69. Kh3 Qxe5 70. Qb4 Qe3+ 71. Kh4 0-1

[Event "37th ECC Open 2022"]
[Site "Mayrhofen AUT"]
[Date "2022.10.08"]
[Round "6.2"]
[Board "3"]
[White "Moussard, Jules"]
[Black "Roiz, Michael"]
[Result "1/2-1/2"]
[WhiteTitle "GM"]
[BlackTitle "GM"]
[WhiteElo "2686"]
[BlackElo "2579"]
[WhiteTeam "Asnieres Le Grand Echiquier"]
[BlackTeam "Beer Sheva Chess Club"]
[WhiteFideId "642908"]
[BlackFideId "2804158"]
[EventDate "2022.10.03"]

1. e4 e5 2. Nf3 Nc6 3. Bc4 Nf6 4. d3 Bc5 5. O-O d6 6. c3 a5 7. Re1 O-O 8. Bg5 h6
9. Bh4 Ba7 10. Nbd2 Be6 11. a4 Bxc4 12. Nxc4 Re8 13. Qb3 g5 14. Bg3 Qd7 15. Rad1
Kg7 16. d4 exd4 17. e5 dxe5 18. Ncxe5 Nxe5 19. Bxe5 c5 20. cxd4 cxd4 21. Qd3
Rad8 22. h4 g4 23. Nd2 Qe6 24. Re4 Qf5 25. Qg3 h5 26. Rde1 Bb8 27. Nc4 Kg8 28.
Rf4 Qg6 29. f3 d3 30. Bxb8 Rxb8 31. Rxe8+ Rxe8 32. Rd4 gxf3 33. Qxg6+ fxg6 34.
gxf3 Re1+ 35. Kf2 Re2+ 36. Kg3 Rc2 37. Nxa5 Rxb2 38. Rxd3 Rb4 39. Rb3 1/2-1/2

[Event "37th ECC Open 2022"]
[Site "Mayrhofen AUT"]
[Date "2022.10.08"]
[Round "6.2"]
[Board "4"]
[White "Postny, Evgeny"]
[Black "Alekseenko, Kirill"]
[Result "1/2-1/2"]
[WhiteTitle "GM"]
[BlackTitle "GM"]
[WhiteElo "2573"]
[BlackElo "2691"]
[WhiteTeam "Beer Sheva Chess Club"]
[BlackTeam "Asnieres Le Grand Echiquier"]
[WhiteFideId "2804344"]
[BlackFideId "4135539"]
[EventDate "2022.10.03"]

1. d4 Nf6 2. c4 e6 3. Nf3 d5 4. g3 Bb4+ 5. Bd2 Be7 6. Bg2 O-O 7. O-O Nbd7 8. Qb3
a5 9. Rc1 c6 10. Bf4 h6 11. a4 g5 12. Be3 Ne4 13. Nfd2 Nd6 14. f3 Nxc4 15. Nxc4
dxc4 16. Qxc4 e5 17. Nc3 exd4 18. Bxd4 Nb6 19. Qd3 Bf5 20. e4 c5 21. exf5 Qxd4+
22. Qxd4 cxd4 23. Ne4 Rac8 24. Bf1 Nd5 25. Kf2 Kg7 26. Bb5 Rfd8 27. Ke2 Nb4 28.
Kd2 d3 29. Rxc8 Rxc8 30. Rc1 Rc2+ 31. Rxc2 dxc2 32. Bc4 Nc6 33. Kxc2 Nd4+ 34.
Kd1 Nxf5 35. Ke2 Nd6 36. Nxd6 Bxd6 1/2-1/2